Normal view
MARC view
- الأطفال المعوقون-علم نفس-التربية الخاصة-علم نفس الطفل
Entry Topical Term
001 - CONTROL NUMBER
- control field: 42668
003 - CONTROL NUMBER IDENTIFIER
- control field: JO-AjAnu
005 - DATE AND TIME OF LATEST TRANSACTION
- control field: 20230606081058.0
008 - FIXED-LENGTH DATA ELEMENTS
- fixed length control field: 230606|| aca||aabn | a|a d
040 ## - CATALOGING SOURCE
- Original cataloging agency: JO-AjAnu
- Transcribing agency: JO-AjAnu
150 ## - HEADING--TOPICAL TERM
- Topical term or geographic name entry element: الأطفال المعوقون-علم نفس-التربية الخاصة-علم نفس الطفل
670 ## - SOURCE DATA FOUND
- Source citation: Work cat.: (JO-AjAnu)21855: القمش، مصطفى نوري مؤلف/المعايطة،خليل عبد الرحمن م.مشارك, author 42667, سيكولوجية الأطفال ذوي الإحتياجات الخاصة : مقدمة في التربية الخاصة